The Possibilities of Ensuring the Security of the Software Product in the Conditions of Unauthorized Access

Široká škála príležitostí na vývoj a používanie softvéru na testovanie bezpečnosti. Hlavnou úlohou vývoja metódy testovania softvérovej bezpečnosti je vývoj, zlepšovanie a výber modelov, metód a nástrojov, ktoré patria do podmnožiny a poskytujú maximálne indikátory softvérovej bezpečnosti. Model pre...

ver descrição completa

Na minha lista:
Detalhes bibliográficos
Autor principal: Dziatkovskii, Anton
Outros Autores: Hryneuski, Uladzimir
Formato: Capítulo de Livro
Idioma:inglês
Assuntos:
Tags: Adicionar Tag
Sem tags, seja o primeiro a adicionar uma tag!

MARC

LEADER 00000naa a2200000 4500
001 0280270
005 20211214084817.0
041 0 |a eng 
044 |a UA 
245 1 0 |a The Possibilities of Ensuring the Security of the Software Product in the Conditions of Unauthorized Access  |c Anton Dziatkovskii, Uladzimir Hryneuski 
520 |a Široká škála príležitostí na vývoj a používanie softvéru na testovanie bezpečnosti. Hlavnou úlohou vývoja metódy testovania softvérovej bezpečnosti je vývoj, zlepšovanie a výber modelov, metód a nástrojov, ktoré patria do podmnožiny a poskytujú maximálne indikátory softvérovej bezpečnosti. Model prevencie hrozieb funguje s pomocou proaktívnych technológií a ak sa vyráta ekonomický efekt týchto opatrení, môže sa líšiť v závislosti od hodnoty samotných podnikových informácií a dá sa vypočítať aj v miliónoch amerických dolárov. 
610 2 0 |a bezpečnosť kybernetická 
610 2 0 |a produkty softvérové 
610 2 0 |a bezpečnosť ekonomická 
610 2 0 |a útoky kybernetické 
100 1 |a Dziatkovskii, Anton 
700 1 |a Hryneuski, Uladzimir